Educazione alla sessualita /

Salvato in:
Dettagli Bibliografici
Altri autori: Cattabeni, Caio Mario
Natura: Libro
Lingua:italiano
Pubblicazione: Milano : La casa, \1976?!
Tags: Aggiungi Tag
Nessun Tag, puoi essere il primo ad aggiungerne!!

MARC

LEADER 00000nam a22000007i 4500
001 IT\ICCU\MIL\0335375
003 ItRI
005 20260115232402.0
008 970724s1976 it |||||| ||||| |||||c
040 |b ita  |c importazione bologna sebina 
041 7 |a ita  |2 ISO-639-2 
245 0 0 |a Educazione alla sessualita /  |c C. M. Cattabeni ... \et al.!. 
260 |a Milano :  |b La casa,  |c \1976?! 
300 |a 564 p. :  |b ill. ;  |c 22 cm 
500 |a Lezioni tenute nel 1973-1974 a Milano, presso il Politecnico del commercio. 
700 1 |a Cattabeni, Caio Mario  |0 IT\ICCU\CFIV\016071 
942 |2 ddc  |c BK  |n 0 
952 |0 0  |1 0  |4 0  |6 DOC_301_470000000000000_CAT  |7 0  |9 25207  |a BO  |b BO  |d 2026-01-15  |i 1976  |l 0  |o DOC 301.47 CAT  |p BO1976  |r 2026-01-15 23:24:02  |w 2026-01-15  |x [Sebina 7] [1 v.]  |y BK  |z 1 v. 
999 |c 21425  |d 21425